Statistiques concernant Capitales commençant par T

Cliquez ici pour prendre le quiz!

Statistiques générales

  • Ce quiz a été pris 222 fois
  • Le résultat moyen est 7 sur 13

Statistiques - réponses

Capitales% Correct
Tunis
73%
Tallinn
64%
Tokyo
63%
Tachkent
62%
Téhéran
60%
Tirana
60%
Taipei
54%
Tegucigalpa
54%
Tripoli
54%
Tbilissi
42%
Thimphou
30%
Tarawa
29%
Tel-Aviv
16%

Distribution des résultats

Percentile par nombre de réponses

% des personnes avec chaque résultat

Votre développement - résultats

Vous n’avez pas pris ce quiz